Movies Quiz

Random Movies or Oscar Quiz

What WEREN'T They Nominated For? Quiz Stats

 Plays Quiz Updated Feb 25, 2016

Challenge
Share
Tweet
Embed
Score 0/20 Timer 06:00
0 Plays Today
% Correct
???
67.1%
???
66.5%
???
59%
???
55.6%
???
54.8%
???
49.7%
???
48%
???
47.4%
???
43.7%
???
41.5%
% Correct
???
41.1%
???
39.8%
???
39.2%
???
37.9%
???
36.6%
???
33.6%
???
33.4%
???
29.3%
???
27%
???
23%

You're not logged in!

Compare scores with friends on all Sporcle quizzes.
OR
Log In

You Might Also Like...

Show Comments

Extras

Top Quizzes Today


Score Distribution

Your Account Isn't Verified!

In order to create a playlist on Sporcle, you need to verify the email address you used during registration. Go to your Sporcle Settings to finish the process.

Report this User

Report this user for behavior that violates our Community Guidelines.

Details: